Alemania ayer y hoy / (Record no. 123953)

MARC details
000 -LEADER
campo de control de longitud fija 00567nam a2200193 4500
001 - NÚMERO DE CONTROL
campo de control 123953
003 - IDENTIFICADOR DE NÚMERO DE CONTROL
campo de control ES-MaACL
005 - FECHA Y HORA DE LA ÚLTIMA TRANSACCIÓN
campo de control 20250727035326.0
007 - CAMPO FIJO DE DESCRIPCIÓN FÍSICA--INFORMACIÓN GENERAL
campo de control de longitud fija t|
008 - DATOS DE LONGITUD FIJA--INFORMACIÓN GENERAL
campo de control de longitud fija 070214s1933 sp r ||||1| spa d
100 1# - ENTRADA PRINCIPAL--NOMBRE DE PERSONA
Nombre de persona Ramos Oliveira, A.
9 (RLIN) 95343
245 10 - MENCIÓN DEL TÍTULO
Título Alemania ayer y hoy /
Mención de responsabilidad, etc. Antonio Ramos Oliveira.
260 ## - PUBLICACIÓN, DISTRIBUCIÓN, ETC.
Lugar de publicación, distribución, etc. Madrid :
Nombre del editor, distribuidor, etc. Bolaños y Aguilar,
Fecha de publicación, distribución, etc. 1933.
300 ## - DESCRIPCIÓN FÍSICA
Extensión 348 p. ;
Dimensiones 20 cm.
650 04 - PUNTO DE ACCESO ADICIONAL DE MATERIA--TÉRMINO DE MATERIA
Término de materia o nombre geográfico como elemento de entrada Socialismo-
Subdivisión geográfica Alemania
9 (RLIN) 17149
651 #4 - PUNTO DE ACCESO ADICIONAL DE MATERIA--NOMBRE GEOGRÁFICO
Nombre geográfico Alemania-
Subdivisión general Política y gobierno-
Subdivisión cronológica 1918-1933.
9 (RLIN) 163667
852 ## - LOCALIZACIÓN
Ubicación ES-MaACL
Número de control de estantería B-7758
Holdings
Estatus retirado Estado de pérdida Estado de daño No para préstamo Biblioteca de origen Biblioteca actual Ubicación en estantería Fecha de adquisición Fuente de adquisición Total de préstamos Signatura topográfica completa Código de barras Visto por última vez Precio de reemplazo Tipo de ítem Koha
        Biblioteca del Ateneo de Madrid Biblioteca del Ateneo de Madrid Sala Pardo Bazán 17/01/2008     B-7758 1129141 23/02/2023 23/02/2023 Libro impreso